Memoirs (Record no. 32512)

MARC details
000 -LEADER
fixed length control field 00472nam a2200181Ia 4500
020 ## - INTERNATIONAL STANDARD BOOK NUMBER
ISBN 0671749099
050 ## - CALL MARK
Classification number PR 6001 .M6 .A45/
100 ## - STATEMENT OF RESPONSIBILITY--MAIN AUTHOR NAME
Personal name Amis, Kingsley
245 #0 - TITLE STATEMENT
Title Memoirs
260 ## - PUBLICATION, DISTRIBUTION, ETC. (IMPRINT)
Place of publication New York
260 ## - PUBLICATION, DISTRIBUTION, ETC. (IMPRINT)
Name of publisher Summit Books
260 ## - PUBLICATION, DISTRIBUTION, ETC. (IMPRINT)
Year of publication 1991
300 ## - PHYSICAL DESCRIPTION
Number of Pages 346 p
650 ## - SUBJECT ADDED ENTRY--TOPICAL TERM
Topical Term Amis Kingsley Novelists English |9 367954 Critics_20th century_Great Britain |9 157008
942 ## - ADDED ENTRY ELEMENTS (KOHA)
Koha item type Books
Holdings
Withdrawn status Lost status Source of classification or shelving scheme Damaged status Not for loan Permanent Location Current Location Date acquired Accession Number Price effective from Koha item type
    Library of Congress Classification     NILE UNIVERSITY OF NIGERIA - MAIN LIBRARY NILE UNIVERSITY OF NIGERIA - MAIN LIBRARY 04/23/2025 0010687 04/23/2025 Books